Statistics for Pretty Plants Quiz

Click here to take the quiz!

General Stats

  • This quiz has been taken 17 times
  • The average score is 8 of 16

Answer Stats

Answer % Correct
daisy
94%
rose
94%
tulip
88%
lavender
81%
sunflower
75%
daffodil
75%
dandelion
63%
iris
56%
bird of paradise
50%
chrysanthemum
44%
orchid
44%
peony
13%
aster
13%
mulberry tree
6%
apple flower
6%
anemone
6%

Score Distribution

Percentile by Number Answered

Percent of People with Each Score

Your Score History

You have not taken this quiz